|
|
|
|
| LEADER |
00000nab a2200000 a 4500 |
| 001 |
vtls000049931 |
| 003 |
SK-MaSNL |
| 005 |
20260304075346.0 |
| 008 |
250423c1979 xo 0 slo |
| 015 |
|
|
|a SNBRB19rr/mm-uuuuu
|
| 035 |
|
|
|a CL0060028
|
| 035 |
|
|
|a urn:nbn:sk:snk-abeina
|
| 035 |
|
|
|a (urnnbn)urn:nbn:sk:snk:ar-000eos
|
| 035 |
|
|
|a (uuid)53372c62-e2a3-4df0-aba7-122f0d91c75e
|
| 040 |
|
|
|a SNKBUCL
|b slo
|c SNKBUCL
|e AACR2
|
| 041 |
0 |
|
|a slo
|
| 044 |
|
|
|a xo
|c SK
|
| 080 |
|
|
|a 82.09:885.0-3(048)
|2 1981
|
| 080 |
|
|
|a 885.0-3(048)
|2 1981
|
| 100 |
1 |
|
|a Okál, Miloslav,
|d 1913-1997
|4 aut
|9 37112
|
| 245 |
1 |
0 |
|a Kristiánova legenda
|c Miloslav Okál
|
| 650 |
0 |
7 |
|a staroslovienska literatúra
|2 snkbucl
|9 1482
|
| 655 |
|
7 |
|a recenzie
|2 snkbucl
|9 21907
|
| 655 |
|
7 |
|a články z novín a časopisov
|2 snkbucl
|9 267496
|
| 655 |
|
7 |
|a články z odboru literárna veda a krásna literatúra
|2 snkbucl
|9 770045
|
| 773 |
0 |
|
|t Slovenské pohľady
|g Roč. 95, č. 10 (1979), s. 136-137
|
| 787 |
0 |
8 |
|i Rec.:
|t Kristiánova legenda
|d Praha : Vyšehrad, 1978
|
| 850 |
|
|
|a Slovenská národná knižnica
|
| 852 |
|
|
|a Slovenská národná knižnica
|
| 954 |
|
|
|a odborná, vedecká literatúra pôvodná (slovenská)
|2 lita
|
| 958 |
|
|
|a article27
|
| 958 |
|
|
|a RK
|
| 958 |
|
|
|a CZ
|
| 958 |
|
|
|a LX
|
| 958 |
|
|
|a SK
|
| 958 |
|
|
|a OND
|
| 958 |
|
|
|a EUIPO
|
| 992 |
|
|
|a RBX
|
| 999 |
|
|
|c 2780950
|d 2782880
|